<?xml version="1.0" encoding="UTF-8"?>
<record
    xmlns:xsi="http://www.w3.org/2001/XMLSchema-instance"
    xsi:schemaLocation="http://www.loc.gov/MARC21/slim http://www.loc.gov/standards/marcxml/schema/MARC21slim.xsd"
    xmlns="http://www.loc.gov/MARC21/slim">

  <leader>04249namaa22004331i 4500</leader>
  <controlfield tag="003">OSt</controlfield>
  <controlfield tag="005">20260701123230.0</controlfield>
  <controlfield tag="008">250827s2024    ua a|||frm||| 000 0 eng d</controlfield>
  <datafield tag="040" ind1=" " ind2=" ">
    <subfield code="a">EG-GICUC</subfield>
    <subfield code="b">ara</subfield>
    <subfield code="c">EG-GICUC</subfield>
    <subfield code="d">EG-GICUC</subfield>
    <subfield code="e">rda</subfield>
  </datafield>
  <datafield tag="041" ind1="0" ind2=" ">
    <subfield code="a">ara</subfield>
    <subfield code="b">ara</subfield>
    <subfield code="b">eng</subfield>
  </datafield>
  <datafield tag="049" ind1=" " ind2=" ">
    <subfield code="a">&#x625;&#x64A;&#x62F;&#x627;&#x639;</subfield>
  </datafield>
  <datafield tag="082" ind1="0" ind2="4">
    <subfield code="a">181.112</subfield>
  </datafield>
  <datafield tag="092" ind1=" " ind2=" ">
    <subfield code="a">181.112</subfield>
    <subfield code="2">21</subfield>
  </datafield>
  <datafield tag="097" ind1=" " ind2=" ">
    <subfield code="a">&#x645;&#x640;&#x640;&#x640;&#x640;&#x627;&#x62C;&#x633;&#x62A;&#x64A;&#x631;</subfield>
  </datafield>
  <datafield tag="099" ind1=" " ind2=" ">
    <subfield code="a">Cai01.02.09.M.A.2024.&#x64A;&#x645;.&#x62A;</subfield>
  </datafield>
  <datafield tag="100" ind1="0" ind2=" ">
    <subfield code="a">&#x60C;&#x64A;&#x645;&#x646;&#x649; &#x635;&#x628;&#x631;&#x64A; &#x645;&#x62D;&#x645;&#x648;&#x62F;</subfield>
    <subfield code="e">&#x625;&#x639;&#x62F;&#x627;&#x62F;.</subfield>
  </datafield>
  <datafield tag="245" ind1="1" ind2="0">
    <subfield code="a">&#x62A;&#x623;&#x62B;&#x64A;&#x631; &#x643;&#x648;&#x646;&#x641;&#x648;&#x634;&#x64A;&#x648;&#x633; &#x648;&#x627;&#x644;&#x643;&#x648;&#x646;&#x641;&#x648;&#x634;&#x64A;&#x648;&#x633;&#x64A;&#x629; &#x641;&#x64A; &#x627;&#x644;&#x645;&#x62C;&#x62A;&#x645;&#x639; &#x627;&#x644;&#x635;&#x64A;&#x646;&#x64A; :</subfield>
    <subfield code="b">&#x62F;&#x631;&#x627;&#x633;&#x629; &#x62B;&#x642;&#x627;&#x641;&#x64A;&#x629; /</subfield>
    <subfield code="c">&#x625;&#x639;&#x62F;&#x627;&#x62F; &#x64A;&#x645;&#x646;&#x649; &#x635;&#x628;&#x631;&#x64A; &#x645;&#x62D;&#x645;&#x648;&#x62F;&#x61B; &#x625;&#x634;&#x631;&#x627;&#x641; &#x623;.&#x62F;/ &#x631;&#x62D;&#x627;&#x628; &#x645;&#x62D;&#x645;&#x648;&#x62F; &#x623;&#x62D;&#x645;&#x62F; &#x635;&#x628;&#x62D;&#x60C; &#x623;.&#x62F;/&#x645;&#x635;&#x637;&#x641;&#x64A; &#x627;&#x644;&#x646;&#x634;&#x627;&#x631;&#x60C; &#x623;.&#x62F;/ &#x62E;&#x648;&#x627; &#x62C;&#x64A;&#x646;.                                                                                                           </subfield>
  </datafield>
  <datafield tag="246" ind1="1" ind2="5">
    <subfield code="a">The effect of confucius and confucianism in the chinese society :</subfield>
    <subfield code="b">Cultural study /</subfield>
  </datafield>
  <datafield tag="264" ind1=" " ind2="0">
    <subfield code="c">2024.</subfield>
  </datafield>
  <datafield tag="300" ind1=" " ind2=" ">
    <subfield code="a">171 &#x635;&#x641;&#x62D;&#x629; :</subfield>
    <subfield code="b">&#x625;&#x64A;&#x636;&#x627;&#x62D;&#x64A;&#x627;&#x62A; &#x61B; </subfield>
    <subfield code="c">25 &#x633;&#x645;. + </subfield>
    <subfield code="e">CD.</subfield>
  </datafield>
  <datafield tag="336" ind1=" " ind2=" ">
    <subfield code="a">text</subfield>
    <subfield code="2">rda content</subfield>
  </datafield>
  <datafield tag="337" ind1=" " ind2=" ">
    <subfield code="a">Unmediated</subfield>
    <subfield code="2">rdamedia</subfield>
  </datafield>
  <datafield tag="338" ind1=" " ind2=" ">
    <subfield code="a">volume</subfield>
    <subfield code="2">rdacarrier</subfield>
  </datafield>
  <datafield tag="502" ind1=" " ind2=" ">
    <subfield code="a">&#x623;&#x637;&#x631;&#x648;&#x62D;&#x629; (&#x645;&#x627;&#x62C;&#x633;&#x62A;&#x64A;&#x631;)-&#x62C;&#x627;&#x645;&#x639;&#x629; &#x627;&#x644;&#x642;&#x627;&#x647;&#x631;&#x629;&#x60C; 2024.  </subfield>
  </datafield>
  <datafield tag="504" ind1=" " ind2=" ">
    <subfield code="a">&#x628;&#x628;&#x644;&#x64A;&#x648;&#x62C;&#x631;&#x627;&#x641;&#x64A;&#x627;: &#x635;&#x641;&#x62D;&#x627;&#x62A; 128-133.</subfield>
  </datafield>
  <datafield tag="520" ind1=" " ind2=" ">
    <subfield code="a">  &#x64A;&#x633;&#x644;&#x637; &#x627;&#x644;&#x628;&#x62D;&#x62B; &#x627;&#x644;&#x636;&#x648;&#x621; &#x639;&#x644;&#x64A; &#x627;&#x644;&#x641;&#x644;&#x633;&#x641;&#x629; &#x627;&#x644;&#x635;&#x64A;&#x646;&#x64A;&#x629;&#x60C; &#x62D;&#x64A;&#x62B; &#x623;&#x646; &#x627;&#x644;&#x641;&#x644;&#x633;&#x641;&#x629; &#x627;&#x644;&#x635;&#x64A;&#x646;&#x64A;&#x629; &#x644;&#x647;&#x627; &#x62F;&#x648;&#x631; &#x645;&#x647;&#x645; &#x648;&#x643;&#x628;&#x64A;&#x631; &#x639;&#x644;&#x64A; &#x627;&#x644;&#x62D;&#x636;&#x627;&#x631;&#x629; &#x627;&#x644;&#x635;&#x64A;&#x646;&#x64A;&#x629; &#x648;&#x627;&#x644;&#x62B;&#x642;&#x627;&#x641;&#x629; &#x627;&#x644;&#x635;&#x64A;&#x646;&#x64A;&#x629;&#x60C; &#x643;&#x645;&#x627; &#x625;&#x646;&#x647; &#x64A;&#x633;&#x644;&#x637; &#x627;&#x644;&#x636;&#x648;&#x621; &#x639;&#x644;&#x64A; &#x643;&#x648;&#x646;&#x641;&#x648;&#x634;&#x64A;&#x648;&#x633; &#x648;&#x627;&#x644;&#x62A;&#x639;&#x627;&#x644;&#x64A;&#x645; &#x627;&#x644;&#x643;&#x648;&#x646;&#x641;&#x648;&#x634;&#x64A;&#x648;&#x633;&#x64A;&#x629;&#x60C; &#x644;&#x627;&#x646; &#x643;&#x648;&#x646;&#x641;&#x648;&#x634;&#x64A;&#x648;&#x633; &#x647;&#x648; &#x627;&#x644;&#x645;&#x639;&#x644;&#x645; &#x648;&#x627;&#x644;&#x645;&#x641;&#x643;&#x631; &#x648;&#x627;&#x644;&#x641;&#x64A;&#x644;&#x633;&#x648;&#x641; &#x627;&#x644;&#x62D;&#x643;&#x64A;&#x645; &#x641;&#x64A; &#x627;&#x644;&#x635;&#x64A;&#x646;&#x60C; &#x648;&#x643;&#x630;&#x644;&#x643; &#x627;&#x644;&#x623;&#x641;&#x643;&#x627;&#x631; &#x627;&#x644;&#x643;&#x648;&#x646;&#x641;&#x648;&#x634;&#x64A;&#x648;&#x633;&#x64A;&#x629; &#x627;&#x644;&#x62A;&#x64A; &#x627;&#x62D;&#x62A;&#x644;&#x62A; &#x627;&#x644;&#x645;&#x643;&#x627;&#x646;&#x647; &#x627;&#x644;&#x641;&#x643;&#x631;&#x64A;&#x629; &#x641;&#x64A; &#x627;&#x644;&#x645;&#x62C;&#x62A;&#x645;&#x639; &#x627;&#x644;&#x625;&#x642;&#x637;&#x627;&#x639;&#x64A; &#x627;&#x644;&#x635;&#x64A;&#x646;&#x64A; &#x639;&#x644;&#x64A; &#x645;&#x62F;&#x627;&#x631; &#x623;&#x644;&#x641;&#x64A; &#x639;&#x627;&#x645; &#x62A;&#x642;&#x631;&#x64A;&#x628;&#x627;&#x60C; &#x648;&#x644;&#x630;&#x644;&#x643; &#x641;&#x647;&#x64A; &#x62A;&#x631;&#x633;&#x62E;&#x62A; &#x648;&#x627;&#x646;&#x633;&#x62C;&#x645;&#x62A; &#x641;&#x64A; &#x643;&#x644; &#x62D;&#x64A;&#x627;&#x629; &#x627;&#x644;&#x645;&#x62C;&#x62A;&#x645;&#x639; &#x627;&#x644;&#x635;&#x64A;&#x646;&#x64A; &#x62A;&#x642;&#x631;&#x64A;&#x628;&#x627; &#x60C; &#x648;&#x645;&#x627;&#x632;&#x627;&#x644;&#x62A; &#x62D;&#x62A;&#x64A; &#x627;&#x644;&#x627;&#x646; &#x644;&#x647;&#x627; &#x62A;&#x623;&#x62B;&#x64A;&#x631; &#x639;&#x645;&#x64A;&#x642; &#x641;&#x64A; &#x645;&#x62C;&#x627;&#x644;&#x627;&#x62A; &#x645;&#x639;&#x64A;&#x646;&#x629;&#x60C; &#x62D;&#x62A;&#x64A; &#x625;&#x646;&#x647;&#x627; &#x648;&#x635;&#x644;&#x62A; &#x625;&#x644;&#x64A; &#x628;&#x644;&#x627;&#x62F; &#x623;&#x62E;&#x631;&#x64A; &#x648;&#x623;&#x62D;&#x62F;&#x62B;&#x62A; &#x62A;&#x623;&#x62B;&#x64A;&#x631;&#x627;. &#x648;&#x64A;&#x646;&#x642;&#x633;&#x645; &#x627;&#x644;&#x628;&#x62D;&#x62B; &#x625;&#x644;&#x64A; &#x62B;&#x644;&#x627;&#x62B;&#x629; &#x641;&#x635;&#x648;&#x644; &#x648;&#x627;&#x644;&#x62E;&#x627;&#x62A;&#x645;&#x629; &#x60C; &#x641;&#x641;&#x64A; &#x627;&#x644;&#x641;&#x635;&#x644; &#x627;&#x644;&#x627;&#x648;&#x644; &#x62A;&#x643;&#x644;&#x645;&#x62A; &#x639;&#x646; &#x627;&#x644;&#x641;&#x644;&#x633;&#x641;&#x629; &#x627;&#x644;&#x635;&#x64A;&#x646;&#x64A;&#x629; &#x648;&#x62C;&#x648;&#x647;&#x631;&#x647;&#x627; &#x648;&#x62E;&#x635;&#x627;&#x626;&#x635;&#x647;&#x627; &#x648;&#x645;&#x631;&#x627;&#x62D;&#x644; &#x62A;&#x637;&#x648;&#x631;&#x647;&#x627;&#x60C; &#x648;&#x641;&#x64A; &#x627;&#x644;&#x641;&#x635;&#x644; &#x627;&#x644;&#x62B;&#x627;&#x646;&#x64A; &#x62A;&#x643;&#x644;&#x645;&#x62A; &#x639;&#x646; &#x62D;&#x64A;&#x627;&#x629; &#x643;&#x648;&#x646;&#x641;&#x648;&#x634;&#x64A;&#x648;&#x633; &#x648;&#x62A;&#x639;&#x627;&#x644;&#x64A;&#x645;&#x647; &#x648;&#x645;&#x643;&#x627;&#x646;&#x62A;&#x647; &#x641;&#x64A; &#x627;&#x644;&#x645;&#x62C;&#x62A;&#x645;&#x639; &#x627;&#x644;&#x635;&#x64A;&#x646;&#x64A;&#x60C; &#x648;&#x641;&#x64A; &#x627;&#x644;&#x641;&#x635;&#x644; &#x627;&#x644;&#x62B;&#x627;&#x644;&#x62B; &#x62A;&#x643;&#x644;&#x645;&#x62A; &#x639;&#x646; &#x645;&#x631;&#x627;&#x62D;&#x644; &#x62A;&#x637;&#x648;&#x631; &#x627;&#x644;&#x643;&#x648;&#x646;&#x641;&#x648;&#x634;&#x64A;&#x648;&#x633;&#x64A;&#x629; &#x648;&#x62A;&#x623;&#x62B;&#x64A;&#x631;&#x647;&#x627; &#x627;&#x644;&#x62D;&#x627;&#x644;&#x64A; &#x648;&#x627;&#x644;&#x627;&#x641;&#x643;&#x627;&#x631; &#x627;&#x644;&#x645;&#x639;&#x627;&#x631;&#x636;&#x629; &#x644;&#x647;&#x627; &#x648;&#x62A;&#x623;&#x62B;&#x64A;&#x631;&#x647;&#x627; &#x641;&#x64A; &#x627;&#x644;&#x628;&#x644;&#x627;&#x62F; &#x627;&#x644;&#x627;&#x62E;&#x631;&#x64A;.  </subfield>
  </datafield>
  <datafield tag="520" ind1=" " ind2=" ">
    <subfield code="a">This research focuses on Chinese philosophy, Chinese philosophy has an important role on Chinese culture. It also focuses on Confucius and Confucianism teachings.The research is divided into three chapters and the conclusion. In the first chapter, I talked about Chinese philosophy, its essence, characteristics, and stages of development. In the second chapter, I talked about the life of Confucius, his teachings, and his place in Chinese society. In the third chapter, I talked about the stages of development of Confucianism, its current influence, the ideas opposing it, and its influence in other countries.</subfield>
  </datafield>
  <datafield tag="530" ind1=" " ind2=" ">
    <subfield code="a">&#x635;&#x62F;&#x631; &#x623;&#x64A;&#x636;&#x64B;&#x627; &#x643;&#x642;&#x631;&#x635; &#x645;&#x62F;&#x645;&#x62C;.</subfield>
  </datafield>
  <datafield tag="546" ind1=" " ind2=" ">
    <subfield code="a">&#x627;&#x644;&#x646;&#x635; &#x628;&#x627;&#x644;&#x639;&#x631;&#x628;&#x64A;&#x629; &#x648;&#x627;&#x644;&#x645;&#x644;&#x62E;&#x635; &#x628;&#x627;&#x644;&#x644;&#x63A;&#x629; &#x627;&#x644;&#x625;&#x646;&#x62C;&#x644;&#x64A;&#x632;&#x64A;&#x629; &#x648;&#x627;&#x644;&#x639;&#x631;&#x628;&#x64A;&#x629;.</subfield>
  </datafield>
  <datafield tag="650" ind1=" " ind2="7">
    <subfield code="a">&#x627;&#x644;&#x641;&#x644;&#x633;&#x641;&#x629; &#x627;&#x644;&#x643;&#x648;&#x646;&#x641;&#x648;&#x634;&#x64A;&#x629;</subfield>
    <subfield code="2">qrmak</subfield>
  </datafield>
  <datafield tag="653" ind1=" " ind2="0">
    <subfield code="a">&#x627;&#x644;&#x641;&#x644;&#x633;&#x641;&#x629; &#x627;&#x644;&#x635;&#x64A;&#x646;&#x64A;&#x629; </subfield>
    <subfield code="a">&#x645;&#x631;&#x627;&#x62D;&#x644; &#x627;&#x644;&#x641;&#x644;&#x633;&#x641;&#x629; &#x627;&#x644;&#x635;&#x64A;&#x646;&#x64A;&#x629;</subfield>
    <subfield code="a">&#x62A;&#x623;&#x62B;&#x64A;&#x631; &#x643;&#x648;&#x646;&#x641;&#x648;&#x634;&#x64A;&#x648;&#x633;</subfield>
  </datafield>
  <datafield tag="700" ind1="0" ind2=" ">
    <subfield code="a">&#x631;&#x62D;&#x627;&#x628; &#x645;&#x62D;&#x645;&#x648;&#x62F; &#x623;&#x62D;&#x645;&#x62F; &#x635;&#x628;&#x62D;</subfield>
    <subfield code="e">&#x645;&#x634;&#x631;&#x641; &#x623;&#x637;&#x631;&#x648;&#x62D;&#x629;.</subfield>
  </datafield>
  <datafield tag="700" ind1="0" ind2=" ">
    <subfield code="a">&#x645;&#x635;&#x637;&#x641;&#x64A; &#x627;&#x644;&#x646;&#x634;&#x627;&#x631;</subfield>
    <subfield code="e">&#x645;&#x634;&#x631;&#x641; &#x623;&#x637;&#x631;&#x648;&#x62D;&#x629;.</subfield>
  </datafield>
  <datafield tag="700" ind1="0" ind2=" ">
    <subfield code="a">&#x62E;&#x648;&#x627; &#x62C;&#x64A;&#x646;</subfield>
    <subfield code="e">&#x645;&#x634;&#x631;&#x641; &#x623;&#x637;&#x631;&#x648;&#x62D;&#x629;.</subfield>
  </datafield>
  <datafield tag="900" ind1=" " ind2=" ">
    <subfield code="b">04-01-2024</subfield>
    <subfield code="c">&#x631;&#x62D;&#x627;&#x628; &#x645;&#x62D;&#x645;&#x648;&#x62F; &#x623;&#x62D;&#x645;&#x62F; &#x635;&#x628;&#x62D;</subfield>
    <subfield code="c">&#x645;&#x635;&#x637;&#x641;&#x64A; &#x627;&#x644;&#x646;&#x634;&#x627;&#x631;</subfield>
    <subfield code="c">&#x62E;&#x648;&#x627; &#x62C;&#x64A;&#x646;</subfield>
    <subfield code="U">&#x62C;&#x627;&#x645;&#x639;&#x629; &#x627;&#x644;&#x642;&#x627;&#x647;&#x631;&#x629; </subfield>
    <subfield code="F">&#x643;&#x644;&#x64A;&#x629; &#x627;&#x644;&#x622;&#x62F;&#x627;&#x628;</subfield>
    <subfield code="D">&#x642;&#x633;&#x645; &#x627;&#x644;&#x644;&#x63A;&#x629; &#x627;&#x644;&#x635;&#x64A;&#x646;&#x64A;&#x629;   </subfield>
  </datafield>
  <datafield tag="905" ind1=" " ind2=" ">
    <subfield code="a">Sara</subfield>
  </datafield>
  <datafield tag="942" ind1=" " ind2=" ">
    <subfield code="2">ddc</subfield>
    <subfield code="c">TH</subfield>
    <subfield code="e">21</subfield>
    <subfield code="n">0</subfield>
  </datafield>
  <datafield tag="999" ind1=" " ind2=" ">
    <subfield code="c">180677</subfield>
  </datafield>
</record>
